[Event "Manila ol (Women)"]
[Site "Manila"]
[Date "1992.??.??"]
[Round "?"]
[White "Levitina, Irina S"]
[Black "Chiburdanidze, Maia"]
[Result "0-1"]
[WhiteElo "2400"]
[BlackElo "2485"]

1.d4 d6 2.e4 g6 3.Nc3 Bg7 4.Bg5 c6 5.Qd2 Nd7 6.f4 b5 7.Nf3 Bb7 8.Bd3 Qb6
9.Bh4 Bxd4 10.Nxd4 Qxd4 11.Bf2 Qg7 12.O-O Ngf6 13.Rae1 Ng4 14.Bg3 h5 15.Bh4 Qd4+
16.Kh1 b4 17.Ne2 Qb6 18.Ng1 Nde5 19.Nf3 Nxd3 20.cxd3 c5 21.f5 gxf5 22.Qg5 f6
23.Qxf5 Kd8 24.h3 Bc8 25.Qd5 Bb7 26.Qe6 Bc8 27.Qd5 Bb7 28.Qe6 Bc8 29.Qf7 Bd7
30.d4 cxd4 31.Qg7 Re8 32.hxg4 hxg4 33.Nh2 Qb5 34.Bxf6 exf6 35.Qxf6+ Kc7 36.Rc1+ Kb7
37.Qxd4 Rac8 38.Qxd6 Rh8 39.Rcd1 Rh7 40.Kg1 Rch8 41.Rd4 Qb6 42.Qxb6+ axb6
43.Rfd1 Ba4 44.b3 Rxh2 45.bxa4 g3 46.Kf1 Rf8+ 47.Ke2 Rxg2+ 48.Ke3 Rxa2 49.Rd7+ Ka6
50.Rg7 Ra3+ 51.Rd3 Rd8 52.Rxa3 bxa3 53.Rxg3 Rd1 54.Rg2 Ka5  0-1

[Event "Manila ol (Women)"]
[Site "Manila"]
[Date "1992.??.??"]
[Round "?"]
[White "Fomina, Tatyana"]
[Black "Chiburdanidze, Maia"]
[Result "0-1"]
[WhiteElo "2240"]
[BlackElo "2485"]

1.e4 b6 2.Bc4 e6 3.Qe2 g6 4.Nf3 Bg7 5.d4 Bb7 6.Bg5 Ne7 7.Nc3 h6 8.Bf4 d6
9.O-O-O a6 10.g4 Nd7 11.a4 Nf6 12.h3 d5 13.exd5 exd5 14.Bd3 O-O 15.Be5 c5
16.Qe3 Nc6 17.Qf4 Nxe5 18.dxe5 Nd7 19.h4 Qc7 20.Rhe1 d4 21.Ne4 c4 22.Bxc4 Qxc4
23.Rxd4 Qc7 24.h5 Rac8 25.c3 Bxe4 26.Rdxe4 Nc5 27.R4e3 Qd7 28.Nd4 Qxa4 29.Qf3 Ne6
30.Nc2 Ng5 31.Qe2 gxh5 32.gxh5 Rfe8 33.Rg1 Qc4 34.Qe1 Qf4 35.Kb1 Rxe5 36.Qe2 Rxe3
37.fxe3 Qe4 38.Rg4 Qh1+ 39.Ka2 Qxh5 40.Qg2 Qg6 41.Qb7 Qe6+  0-1

[Event "Manila ol (Women)"]
[Site "Manila"]
[Date "1992.??.??"]
[Round "?"]
[White "Foisor, Cristina Adela B"]
[Black "Chiburdanidze, Maia"]
[Result "0-1"]
[WhiteElo "2375"]
[BlackElo "2485"]

1.c4 g6 2.g3 Bg7 3.Bg2 e5 4.Nc3 d6 5.d3 h6 6.Rb1 Ne7 7.e3 O-O 8.Nge2 Nd7
9.O-O Nf6 10.b3 c6 11.d4 Nf5 12.dxe5 dxe5 13.Ba3 Re8 14.Qxd8 Rxd8 15.Rbd1 Be6
16.e4 Nd4 17.Nxd4 Rxd4 18.Bc5 Rxd1 19.Rxd1 Bf8 20.Bxf8 Kxf8 21.c5 Nd7 22.Na4 Ke7
23.f4 Rf8 24.fxe5 Nxe5 25.Nc3 Rd8 26.Rxd8 Kxd8 27.Bf1 Ke7 28.h3 Kf6 29.Kf2 g5
30.Ke3 h5 31.Ne2 Ng6 32.Nd4 h4 33.gxh4 Nxh4 34.a3 Ke5 35.b4 Bd7 36.a4 f5
37.exf5 Nxf5+ 38.Nxf5 Bxf5 39.Bg2 Bd7 40.b5 cxb5 41.axb5 Bxb5 42.Bxb7 Bf1
43.Bf3 a5 44.Bc6 Bxh3 45.Kd3 Bf1+ 46.Kc3 g4 47.Bd7 g3 48.Bc6 Bh3 49.Bf3 Be6
50.Bg2 Bd5 51.Bh3 a4 52.Kb4 Kd4 53.Kxa4 Kxc5 54.Ka5 Kd4 55.Kb5 Ke3 56.Kc5 Bf3  0-1

[Event "Manila ol (Women)"]
[Site "Manila"]
[Date "1992.??.??"]
[Round "?"]
[White "Chiburdanidze, Maia"]
[Black "Richtrova, Eliska"]
[Result "1/2-1/2"]
[WhiteElo "2485"]
[BlackElo "2320"]

1.c4 e5 2.Nc3 Nc6 3.g3 g6 4.Bg2 Bg7 5.d3 d6 6.Rb1 f5 7.e3 Nf6 8.Nge2 O-O
9.b4 Kh8 10.O-O Ne7 11.Bb2 g5 12.f4 Ng6 13.Qd2 h6 14.Kh1 Rb8 15.Nd5 Ng4 16.b5 c6
17.Ndc3 Qc7 18.Ba3 c5 19.b6 axb6 20.Nd5 Qf7 21.Rxb6 Ra8 22.Bc1 Rd8 23.a3 Ra7  1/2-1/2

[Event "Manila ol (Women)"]
[Site "Manila"]
[Date "1992.??.??"]
[Round "?"]
[White "Chiburdanidze, Maia"]
[Black "Galliamova, Alisa"]
[Result "1-0"]
[WhiteElo "2485"]
[BlackElo "2410"]

1.c4 e5 2.Nc3 Nc6 3.g3 g6 4.Bg2 Bg7 5.e3 f5 6.d3 Nf6 7.Nge2 O-O 8.Rb1 a5
9.a3 d6 10.b4 axb4 11.axb4 Rb8 12.O-O Be6 13.b5 Ne7 14.Ba3 b6 15.Qb3 g5 16.d4 e4
17.d5 Bd7 18.Nd4 Ng6 19.Nc6 Bxc6 20.dxc6 Kh8 21.f3 exf3 22.Rxf3 Qe7 23.Rbf1 g4
24.R3f2 Qxe3 25.Bc1 Qd4 26.Ne2 Qe5 27.Bb2 Qe8 28.Qd3 Nh5 29.Rxf5 Bxb2 30.Rxh5 Rxf1+
31.Bxf1 Qf7 32.Qf5 Rf8 33.Qxf7 Rxf7 34.h3 gxh3 35.Bxh3 Ne5 36.Be6 Re7 37.Bd5 Ng6
38.Kf2 Kg7 39.Rf5 Ba3 40.Nc3 Bc5+ 41.Kg2 Ne5 42.Rg5+ Ng6 43.Ne4 Bd4 44.Rf5 h6
45.Rf1 Be5 46.Rf2 Nf8 47.Ra2 Nh7 48.Nf2 Nf6 49.Nd3 Bxg3 50.Ra7 Be5 51.Bf3 Kf8
52.c5 bxc5 53.b6 cxb6 54.c7 Re8 55.Ra8  1-0

[Event "Manila ol (Women)"]
[Site "Manila"]
[Date "1992.??.??"]
[Round "?"]
[White "Sofieva, Ainur"]
[Black "Chiburdanidze, Maia"]
[Result "0-1"]
[WhiteElo "2385"]
[BlackElo "2485"]

1.e4 g6 2.d4 Bg7 3.Nc3 d6 4.Nf3 Nf6 5.Be2 O-O 6.O-O c6 7.a4 Qc7 8.h3 e5 9.Re1 Nbd7
10.d5 cxd5 11.Nb5 Qc6 12.exd5 Nxd5 13.c4 Nb4 14.Bd2 a5 15.Bxb4 axb4 16.Qxd6 e4
17.Nd2 Nc5 18.Bd1 Qxd6 19.Nxd6 Bxb2 20.Ra2 Bc3 21.N6xe4 Nxe4 22.Rxe4 Rd8
23.Re2 Be6 24.Bb3 b5 25.cxb5 Rxd2 26.Raxd2 Bxb3 27.Rd6 Rb8 28.b6 Bxa4 29.Ra2 Bb3
30.Ra7 Be5 31.Rc6 Bd4 32.Ra6 Be6  0-1

[Event "Manila ol (Women)"]
[Site "Manila"]
[Date "1992.??.??"]
[Round "?"]
[White "Chiburdanidze, Maia"]
[Black "Demina, Julia"]
[Result "1-0"]
[WhiteElo "2485"]
[BlackElo "2390"]

1.e4 c5 2.Nf3 Nc6 3.d4 cxd4 4.Nxd4 Nf6 5.Nc3 d6 6.Bg5 e6 7.Qd2 a6 8.O-O-O h6
9.Bf4 Bd7 10.Nxc6 Bxc6 11.Qe3 Qc7 12.Be2 e5 13.Bg3 Be7 14.f4 Rc8 15.Rd2 O-O
16.Kb1 b5 17.Rc1 Qb7 18.fxe5 dxe5 19.Bxe5 Nxe4 20.Nxe4 Bxe4 21.Qg3 f6 22.Bf4 Kh8
23.Bf3 f5 24.Bxe4 fxe4 25.Re2 Bf6 26.Rce1 Rc4 27.Bc1 Kh7 28.Qg4 Qc8 29.Qxc8 Rfxc8
30.c3 Re8 31.Bd2 Rd8 32.Kc2 Rdd4 33.Kd1 Rd5 34.Rxe4 Bg5 35.R4e2 b4 36.Kc2 Bxd2
37.Rxd2 Rxd2+ 38.Kxd2 bxc3+ 39.bxc3 Ra4 40.Ra1 Kg6 41.Kc2 Kf5 42.Rf1+ Ke6
43.Kb3 Rg4 44.g3 Kd5 45.Rf7 Kc6 46.c4 Kb6 47.Re7 h5 48.Rf7 Rg5 49.a3 h4 50.gxh4 Rg2
51.Rf4 Rxh2 52.Rg4 Rh3+ 53.Kb4 a5+ 54.Ka4 Kc5 55.Rg5+ Kxc4 56.h5 Kd4 57.Rxa5 Rg3
58.Rf5 g6 59.hxg6 Rxg6 60.Kb5 Rg8 61.a4  1-0

[Event "Manila ol (Women)"]
[Site "Manila"]
[Date "1992.??.??"]
[Round "?"]
[White "Chiburdanidze, Maia"]
[Black "Battsetseg, Tuvshintugs"]
[Result "1-0"]
[WhiteElo "2485"]
[BlackElo "2195"]

1.Nf3 Nf6 2.c4 g6 3.g3 Bg7 4.Bg2 d6 5.Nc3 Nbd7 6.O-O O-O 7.d4 e5 8.Qc2 Re8
9.h3 c6 10.dxe5 dxe5 11.Be3 Qe7 12.Rfd1 Nc5 13.b4 Bf5 14.Qb2 Nce4 15.Na4 h5
16.Nc5 Nxc5 17.Bxc5 Qe6 18.Ng5 Qc8 19.Rac1 h4 20.g4 Bh6 21.f4 Bxg4 22.hxg4 Qxg4
23.Nh3 Ne4 24.Bf2 Bxf4 25.e3 Bh6 26.Kh1 Rad8 27.Qc2 Nxf2+ 28.Nxf2 Qg3 29.Ne4 Qxe3
30.Nf6+ Kh8 31.Nxe8 Rxe8 32.Rb1 h3 33.Qe4 f5 34.Rb3 Qxe4 35.Bxe4 fxe4 36.Rxh3 Rf8
37.Rxh6+ Kg7 38.Rh2 Rf3 39.Re2 Rc3 40.Rxe4 Rc2 41.Rxe5  1-0

[Event "Candidats (Women) Tournament"]
[Site "Shanghai"]
[Date "1992.??.??"]
[Round "1"]
[White "Chiburdanidze, Maia"]
[Black "Wang Pin"]
[Result "1/2-1/2"]
[WhiteElo "2505"]
[BlackElo "2345"]

1.c4 e5 2.g3 Nf6 3.Bg2 d5 4.cxd5 Nxd5 5.Nf3 Nc6 6.O-O Be7 7.d4 e4 8.Ne5 Nxe5
9.dxe5 Bf5 10.Bxe4 Bxe4 11.Qa4+ Qd7 12.Qxe4 O-O-O 13.Nc3 Nxc3 14.bxc3 h5
15.Rb1 Qd5 16.Qxd5 Rxd5 17.f4 Bc5+ 18.Kg2 Rhd8 19.Kf3 g6 20.h3 Bb6 21.g4 hxg4+
22.hxg4 Rh8 23.Kg3 Rh7 24.Rb2 Rd8 25.Rc2 Rdh8 26.f5 gxf5 27.Rxf5 Rh1 28.Bf4 Rg1+
29.Kf3 Rh3+ 30.Ke4 Rxg4 31.Rxf7 Be3 32.e6 Kd8 33.Rb2 b6 34.c4 Rxf4+ 35.Rxf4 Bxf4
36.Kxf4 Ke7 37.c5 Kxe6 38.cxb6 axb6 39.Ke4 Rh4+ 40.Kd3 Rh3+  1/2-1/2

[Event "Candidats (Women) Tournament"]
[Site "Shanghai"]
[Date "1992.??.??"]
[Round "2"]
[White "Ioseliani, Nana"]
[Black "Chiburdanidze, Maia"]
[Result "1/2-1/2"]
[WhiteElo "2445"]
[BlackElo "2505"]

1.Nf3 c5 2.e4 d6 3.d4 cxd4 4.Nxd4 Nf6 5.Nc3 Nc6 6.Be2 e5 7.Nf3 h6 8.O-O Be7
9.Re1 O-O 10.h3 Be6 11.Bf1 Qa5 12.Bd2 Qd8 13.Bc1 Qa5 14.Bd2  1/2-1/2

[Event "Candidats (Women) Tournament"]
[Site "Shanghai"]
[Date "1992.??.??"]
[Round "5"]
[White "Chiburdanidze, Maia"]
[Black "Levitina, Irina S"]
[Result "1-0"]
[WhiteElo "2505"]
[BlackElo "2415"]

1.c4 e5 2.Nc3 Bb4 3.g3 Bxc3 4.bxc3 d6 5.Bg2 Ne7 6.e3 O-O 7.Ne2 Nbc6 8.O-O Be6
9.d3 Qd7 10.Re1 Bh3 11.Bh1 Rab8 12.Rb1 b6 13.Ba3 Na5 14.Bb4 Nb7 15.Ba3 c5
16.f4 Na5 17.Bc1 Kh8 18.Qc2 Rbe8 19.Bd2 Ng6 20.Kf2 Bg4 21.Ng1 exf4 22.gxf4 Qf5
23.Bd5 Qh5 24.h3 Be6 25.Bf3 Qh6 26.Kg3 Nh4 27.Bg4 f5 28.Bf3 Rf6 29.Bh1 g5
30.Kh2 Rg8 31.fxg5 Rxg5 32.Rf1 Rfg6 33.Be1 Rg2+ 34.Bxg2 Rxg2+ 35.Qxg2 Nxg2
36.Kxg2 Qxe3 37.Rf3 Qh6 38.Kh2 Nc6 39.d4 Bxc4 40.Rb2 Bd5 41.Rxf5 Ne7 42.Rff2 Bc4
43.Bd2 Qe6 44.Rb1 Bd3 45.Re1 Be4 46.Ne2 Nf5 47.Nf4 Qg8 48.Nh5 Qe6 49.dxc5 d5
50.cxb6 axb6 51.Rg1 h6 52.Rg4 Qe7 53.a4 Qe8 54.Ng3 Nxg3 55.Rxg3 h5 56.Be3 Qxa4
57.Bd4+ Kh7 58.Rg7+ Kh6 59.Rg1 Kh7 60.Rf7+ Kh6 61.Be3+  1-0

[Event "Candidats (Women) Tournament"]
[Site "Shanghai"]
[Date "1992.??.??"]
[Round "6"]
[White "Gaprindashvili, Nona"]
[Black "Chiburdanidze, Maia"]
[Result "1-0"]
[WhiteElo "2435"]
[BlackElo "2505"]

1.d4 Nf6 2.c4 e6 3.Nf3 b6 4.e3 Bb7 5.Bd3 Be7 6.O-O O-O 7.Nc3 d5 8.b3 c5 9.Bb2 cxd4
10.Nxd4 dxc4 11.Bxc4 a6 12.Qe2 Nbd7 13.Rfd1 Qc7 14.Rac1 Kh8 15.Bd3 Qe5 16.f4 Qa5
17.a3 b5 18.b4 Qb6 19.Nb3 e5 20.Na5 exf4 21.Bf5 Rad8 22.Nxb7 Qxb7 23.exf4 Nb6
24.Ne4 Nc4 25.Be5 Qb6+ 26.Kh1 Rxd1+ 27.Rxd1 Qe3 28.Qd3 Rd8 29.Qxd8+ Bxd8
30.Rxd8+ Ng8 31.Bd4 Qxf4 32.Ng3 Nd6 33.Bxg7+ Kxg7 34.Nh5+  1-0

[Event "Candidats (Women) Tournament"]
[Site "Shanghai"]
[Date "1992.??.??"]
[Round "11"]
[White "Wang Pin"]
[Black "Chiburdanidze, Maia"]
[Result "0-1"]
[WhiteElo "2345"]
[BlackElo "2505"]

1.e4 c5 2.Nf3 d6 3.d4 cxd4 4.Nxd4 Nf6 5.Nc3 Nc6 6.Bc4 e6 7.Be3 a6 8.Qe2 Qc7
9.O-O-O Be7 10.Bb3 Na5 11.g4 b5 12.g5 Nxb3+ 13.axb3 Nd7 14.h4 b4 15.Na4 Nc5
16.h5 Bd7 17.Kb1 Bxa4 18.bxa4 Nxa4 19.g6 Bf6 20.gxf7+ Qxf7 21.Qc4 O-O 22.Qxe6 Qxe6
23.Nxe6 Rf7 24.Bd4 Re8 25.Bxf6 Rxf6 26.Nc7 Rxe4 27.Rd2 Nc5 28.Rhd1 Rh4 29.Rxd6 Rxd6
30.Rxd6 Rxh5 31.Nxa6 Nxa6 32.Rxa6 Rf5 33.Ra4 Rf4 34.Kc1 h5 35.Kd1 Rxf2 36.Rxb4 g5
37.Rc4 h4 38.Rg4 h3 39.Rxg5+ Kf7 40.Ke1 h2 41.Kxf2 h1=Q 42.b3 Qd1  0-1

[Event "Candidats (Women) Tournament"]
[Site "Shanghai"]
[Date "1992.??.??"]
[Round "11"]
[White "Chiburdanidze, Maia"]
[Black "Ioseliani, Nana"]
[Result "1/2-1/2"]
[WhiteElo "2505"]
[BlackElo "2445"]

1.c4 e6 2.g3 d5 3.Bg2 g6 4.Nf3 Bg7 5.O-O Ne7 6.d4 O-O 7.Nc3 Nbc6 8.cxd5 exd5
9.a3 Bg4 10.e3 Qd7 11.Qb3 b6 12.Qa4 Rad8 13.b4 Bh3 14.Bd2 Bxg2 15.Kxg2 Nf5
16.Rac1 Nce7 17.Qxd7 Rxd7 18.Ne5 Bxe5 19.dxe5 Ng7 20.Nb5 c6 21.Nd4 Rc8 22.Rc2 a6
23.Rfc1 Rdc7 24.e4 dxe4 25.Bg5 Ngf5 26.Nxf5 Nxf5 27.g4 Nd4 28.Rc4 c5 29.bxc5 Rxc5
30.Rxd4 Rxc1 31.Bxc1 Rxc1 32.Rxe4  1/2-1/2

[Event "Candidats (Women) Tournament"]
[Site "Shanghai"]
[Date "1992.??.??"]
[Round "13"]
[White "Chiburdanidze, Maia"]
[Black "Maric, Alisa"]
[Result "1/2-1/2"]
[WhiteElo "2505"]
[BlackElo "2390"]

1.c4 c5 2.Nf3 Nf6 3.Nc3 e6 4.g3 b6 5.Bg2 Bb7 6.O-O Nc6 7.d4 Nxd4 8.Nxd4 Bxg2
9.Kxg2 cxd4 10.Qxd4 Be7 11.Bf4 d6 12.Qd3 O-O 13.b3 Qd7 14.Qf3 Rac8 15.Rfd1 a6
16.Rd3 b5 17.cxb5 axb5 18.a4 bxa4 19.bxa4 d5 20.e4 dxe4 21.Nxe4 Nd5 22.Bd2 Rfd8
23.Kg1 Qc6 24.Be1 f5 25.Nc3 Bf6 26.Nxd5 Rxd5 27.Rxd5 Qxd5 28.Qxd5 exd5 29.Rb1  1/2-1/2

[Event "Candidats (Women) Tournament"]
[Site "Shanghai"]
[Date "1992.??.??"]
[Round "14"]
[White "Levitina, Irina S"]
[Black "Chiburdanidze, Maia"]
[Result "0-1"]
[WhiteElo "2415"]
[BlackElo "2505"]

1.d4 Nf6 2.c4 g6 3.Nc3 d5 4.cxd5 Nxd5 5.e4 Nxc3 6.bxc3 Bg7 7.Be3 c5 8.Qd2 Qa5
9.Rb1 b6 10.Bb5+ Bd7 11.Bc4 Nc6 12.Ne2 O-O 13.Rd1 b5 14.Bd5 e6 15.Bxc6 Bxc6
16.d5 exd5 17.exd5 Rfd8 18.c4 Qa4 19.Qc1 Bb7 20.cxb5 Qxa2 21.Rd2 Qa5 22.O-O Qxb5
23.Rfd1 Rac8 24.Qc2 a5 25.Rb1 Qa6 26.Qb3 Bxd5 27.Qd1 Qa8 28.Nf4 Be4  0-1

[Event "Candidats (Women) Tournament"]
[Site "Shanghai"]
[Date "1992.??.??"]
[Round "15"]
[White "Chiburdanidze, Maia"]
[Black "Gaprindashvili, Nona"]
[Result "1-0"]
[WhiteElo "2505"]
[BlackElo "2435"]

1.c4 e6 2.Nf3 d5 3.g3 Nf6 4.b3 Be7 5.Bg2 c5 6.O-O Nc6 7.Bb2 d4 8.e3 e5 9.exd4 exd4
10.d3 O-O 11.Na3 Bf5 12.Nc2 a5 13.h3 Nd7 14.Nfe1 Nb6 15.f4 Re8 16.a4 Bd6
17.Nf3 Re7 18.Ng5 Qe8 19.g4 Bd7 20.Ne4 Nc8 21.Qf3 Ra6 22.Nxd6 Nxd6 23.Qd5 Nd8
24.Qxc5 Ne6 25.Qh5 Bc6 26.Nxd4 Bxg2 27.Kxg2 Nxd4 28.Bxd4 Nc8 29.Bf2 Rd6 30.d4 Re2
31.Rae1 Rxd4 32.Rxe2 Qxe2 33.Re1  1-0

[Event "Jakarta Interzonal (Women)"]
[Site "Jakarta"]
[Date "1993.??.??"]
[Round "?"]
[White "Chiburdanidze, Maia"]
[Black "Dabrowska, Krystyna"]
[Result "1/2-1/2"]
[WhiteElo "2510"]
[BlackElo "2240"]

1.d4 Nf6 2.Nf3 e6 3.c4 b6 4.g3 Bb7 5.Bg2 Be7 6.Nc3 O-O 7.O-O Ne4 8.Bd2 Bf6
9.Rc1 Nxd2 10.Qxd2 d6 11.e4 Nd7 12.Rfd1 e5 13.Nd5 Re8 14.dxe5 Bxe5 15.b4 a5
16.a3 Bf6 17.Qc2 Qc8 18.Bh3 axb4 19.axb4 Qd8 20.Qb3 Rxe4 21.c5 Bxd5 22.Qxd5 Re8
23.cxd6 cxd6 24.Rc6 Ne5 25.Rxd6 Nxf3+ 26.Qxf3 Qc7 27.Rc6 Qa7 28.Bd7 Red8
29.Kg2 Be7 30.Rc4 Rab8 31.Bf5 Rxd1 32.Qxd1 g6 33.Be4 Rd8 34.Qc2 Qd7 35.Rc7 Qd6
36.b5 Rd7 37.Rxd7  1/2-1/2

[Event "Jakarta Interzonal (Women)"]
[Site "Jakarta"]
[Date "1993.??.??"]
[Round "?"]
[White "Chiburdanidze, Maia"]
[Black "Arakhamia, Ketevan"]
[Result "1/2-1/2"]
[WhiteElo "2510"]
[BlackElo "2440"]

1.d4 Nf6 2.Nf3 g6 3.Bg5 Bg7 4.Nbd2 d5 5.e3 O-O 6.Be2 Nbd7 7.O-O c5 8.c3 b6
9.a4 a6 10.b4 Re8 11.a5 e5 12.bxc5 bxc5 13.dxe5 Nxe5 14.Nb3 c4 15.Nbd4 Ned7
16.Nd2 Nc5 17.Bf3 Be6 18.Qc2 Qd7 19.Rfb1 Nfe4 20.Bxe4 dxe4 21.Rb6 Bd5 22.Bf4 Bf8
23.Bg3 Rec8 24.h3  1/2-1/2

[Event "Jakarta Interzonal (Women)"]
[Site "Jakarta"]
[Date "1993.??.??"]
[Round "?"]
[White "Chiburdanidze, Maia"]
[Black "Galliamova, Alisa"]
[Result "1-0"]
[WhiteElo "2510"]
[BlackElo "2435"]

1.e4 c5 2.Nf3 Nc6 3.Bb5 e6 4.O-O Nge7 5.Nc3 a6 6.Bxc6 Nxc6 7.d4 cxd4 8.Nxd4 d6
9.Nxc6 bxc6 10.e5 d5 11.Qg4 Qc7 12.Re1 c5 13.b3 Bb7 14.Bg5 h6 15.Bh4 g5 16.Bg3 O-O-O
17.Qh5 Kb8 18.Nd1 c4 19.c3 Ba3 20.Rb1 d4 21.bxc4 d3 22.Ne3 Ka8 23.f3 Bc5
24.Bf2 d2 25.Red1 Rd7 26.Kh1 Rhd8 27.Qxh6 Qxe5 28.Ng4 Qf5 29.Bxc5 Qxc5 30.Qf6 Qf5
31.h3 Qxf6 32.Nxf6 Rd3 33.Kh2 Rxc3 34.Rb2 Rcd3 35.Ne4 Bxe4 36.fxe4 f5 37.exf5 e5
38.Kg1 e4 39.Kf1 e3 40.Ke2 Rc3 41.Rb3 Rxc4 42.Rxe3 Rcd4 43.f6 R8d7 44.Re7 Rxe7+
45.fxe7 Re4+ 46.Kf3 Rxe7 47.Rxd2 Re5 48.Rb2 Ka7 49.Kg4 a5 50.h4 gxh4 51.Kxh4 Re8
52.g4 Rh8+ 53.Kg3 Rg8 54.Kf4 Rf8+ 55.Ke5 Rg8 56.Kf5 Rf8+ 57.Ke6 Rg8 58.Rg2 Rg5
59.Kf6 Rb5 60.g5 Rb6+ 61.Kf5 Rb5+ 62.Kg4  1-0

[Event "Jakarta Interzonal (Women)"]
[Site "Jakarta"]
[Date "1993.??.??"]
[Round "?"]
[White "Chiburdanidze, Maia"]
[Black "Gurieli, Nino"]
[Result "1/2-1/2"]
[WhiteElo "2510"]
[BlackElo "2355"]

1.e4 e6 2.d4 d5 3.exd5 exd5 4.Bd3 Bd6 5.c3 Ne7 6.Ne2 c6 7.Bf4 Bxf4 8.Nxf4 Bf5
9.Bxf5 Nxf5 10.O-O O-O  1/2-1/2

[Event "Jakarta Interzonal (Women)"]
[Site "Jakarta"]
[Date "1993.??.??"]
[Round "?"]
[White "Chiburdanidze, Maia"]
[Black "Foisor, Cristina Adela B"]
[Result "1-0"]
[WhiteElo "2510"]
[BlackElo "2360"]

1.d4 Nf6 2.Nf3 g6 3.c4 Bg7 4.g3 O-O 5.Bg2 d6 6.Nc3 c6 7.O-O Bf5 8.Re1 Ne4
9.Nxe4 Bxe4 10.Bh3 Bxf3 11.exf3 e6 12.d5 exd5 13.cxd5 c5 14.Qb3 b6 15.Bf4 Na6
16.Qa4 Nb4 17.Rad1 b5 18.Qxb5 Nc2 19.Re4 Rb8 20.Qd7 Qxd7 21.Bxd7 Rxb2 22.Bxd6 Rd8
23.Bxc5 Bd4 24.Rdxd4 Rxd7 25.Re8+ Kg7 26.Bf8+ Kf6 27.Rf4+ Kg5 28.Rg4+ Kf5
29.Bg7 Rb1+ 30.Kg2 Re1 31.Rf4+ Kg5 32.Bf6+  1-0

[Event "Jakarta Interzonal (Women)"]
[Site "Jakarta"]
[Date "1993.??.??"]
[Round "?"]
[White "Chiburdanidze, Maia"]
[Black "Thipsay, Bagyashree Sathe"]
[Result "1/2-1/2"]
[WhiteElo "2510"]
[BlackElo "2175"]

1.e4 c6 2.c4 d5 3.cxd5 cxd5 4.exd5 Nf6 5.Bb5+ Nbd7 6.Nc3 g6 7.d4 Bg7 8.d6 exd6
9.Qe2+ Qe7 10.Bf4 Qxe2+ 11.Bxe2 Ke7 12.Bf3 Rd8 13.Nge2 Ne8 14.O-O Kf8 15.Rac1 Ndf6
16.b3 Rb8 17.h3 Bd7 18.Rfd1 Kg8 19.a4 Be6 20.d5 Bd7 21.Nd4 Rbc8 22.Ncb5 Rxc1
23.Rxc1 Bxb5 24.Nxb5 a6 25.Nc7 Rc8 26.Nxe8 Rxc1+ 27.Bxc1 Nxe8 28.g4 Kf8 29.Kf1 Ke7
30.Ke2 Bd4 31.Bg2 Kf6 32.f4 Ke7 33.Kd3 Bf2 34.Bd2 Nf6 35.b4 b5 36.axb5 axb5
37.Bf3 Ne8 38.Bc3 f5 39.Ke2 Bg1 40.Bd2 Nc7 41.Kf1 Bd4 42.Kg2 Kf6 43.Kg3 h6
44.Kg2 Na8 45.Be2 Nc7 46.Bf3  1/2-1/2

[Event "Jakarta Interzonal (Women)"]
[Site "Jakarta"]
[Date "1993.??.??"]
[Round "?"]
[White "Cramling, Pia"]
[Black "Chiburdanidze, Maia"]
[Result "0-1"]
[WhiteElo "2525"]
[BlackElo "2510"]

1.d4 Nf6 2.c4 g6 3.Nc3 d5 4.cxd5 Nxd5 5.e4 Nxc3 6.bxc3 Bg7 7.Bc4 c5 8.Ne2 Nc6
9.Be3 O-O 10.O-O Na5 11.Bd3 b6 12.Rc1 cxd4 13.cxd4 Qd7 14.Bf4 e6 15.Qd2 Bb7
16.Rc7 Qa4 17.Qb2 Bc6 18.Rc1 Rfd8 19.Be3 Bf8 20.d5 Be8 21.Qf6 Bg7 22.Qf3 Nc6
23.Bc2 Qxa2 24.Nf4 Ne5 25.Qg3 Rd7 26.Bb1 Qa4 27.R7c2 Rad8 28.h3 exd5 29.exd5 b5
30.Bc5 b4 31.Ra2 Qb5 32.Rxa7 Rxa7 33.Bxa7 b3 34.Rd1 b2 35.Be3 Qb3 36.Re1 Qc3
37.Rd1 Ba4 38.Rf1 Nc4 39.Bc5 Qc1 40.Qd3 Nd2 41.Bb6 Nxf1 42.Bxd8 Nd2+ 43.Kh2 Qxb1  0-1

[Event "Jakarta Interzonal (Women)"]
[Site "Jakarta"]
[Date "1993.??.??"]
[Round "?"]
[White "Maric, Alisa"]
[Black "Chiburdanidze, Maia"]
[Result "1-0"]
[WhiteElo "2405"]
[BlackElo "2510"]

1.d4 Nf6 2.c4 g6 3.Nf3 Bg7 4.g3 O-O 5.Bg2 d6 6.O-O c5 7.Nc3 Nc6 8.d5 Na5
9.Nd2 e6 10.Qc2 exd5 11.cxd5 Bd7 12.b3 b5 13.Bb2 Re8 14.Rfe1 Rc8 15.Nce4 Bf5
16.Nxf6+ Qxf6 17.Bxf6 Bxc2 18.Bxg7 Kxg7 19.Rac1 Bf5 20.e4 Bd7 21.f4 f6 22.Bf1 Rb8
23.e5 f5 24.e6 Bc8 25.b4 Nb7 26.Bxb5 Re7 27.Ba6 Kf6 28.a3 Rc7 29.Nb3 Ke7
30.Nd4 Na5 31.Bf1 Rbb7 32.bxa5 cxd4 33.Ba6 Rc3 34.Bxb7 Bxb7 35.Rxc3 dxc3
36.Rc1 Bxd5 37.Rxc3 Kxe6 38.Rc7 a6 39.Rxh7 Bc4 40.Kf2 Bb5 41.Ke3 Bf1 42.Kd4 Bg2
43.Rg7 Kf6 44.Ra7 Bf1 45.Kd5  1-0

[Event "Jakarta Interzonal (Women)"]
[Site "Jakarta"]
[Date "1993.??.??"]
[Round "?"]
[White "Matveeva, Svetlana"]
[Black "Chiburdanidze, Maia"]
[Result "0-1"]
[WhiteElo "2395"]
[BlackElo "2510"]

1.d4 Nf6 2.c4 g6 3.Nc3 d5 4.Nf3 Bg7 5.Bg5 Ne4 6.cxd5 Nxg5 7.Nxg5 e6 8.Nf3 exd5
9.b4 c6 10.e3 O-O 11.Rc1 b5 12.a4 a5 13.axb5 axb4 14.Na4 Qa5 15.Nc5 b3+ 16.Nd2 b2
17.Rb1 Qc3 18.Bd3 Nd7 19.Nxd7 Bxd7 20.Qb3 Ra3 21.Qxc3 Rxc3 22.Ke2 Bxd4 23.Rxb2 Rxd3
24.exd4 Rxd4 25.b6 Re8+ 26.Kf3 c5 27.b7 Rb8 28.Rc1 c4 29.Ke3 Rd3+ 30.Ke2 Kg7
31.Rb6 Bf5 32.f3 h5 33.Nf1 Rb3 34.Rxb3 cxb3 35.Rc7 b2 36.Nd2 d4 37.g4 hxg4
38.fxg4 Bxg4+ 39.Kd3 Bf5+ 40.Kxd4 b1=Q 41.Nxb1 Bxb1 42.Ke5 Bd3  0-1

[Event "Jakarta Interzonal (Women)"]
[Site "Jakarta"]
[Date "1993.??.??"]
[Round "?"]
[White "Sofieva, Ainur"]
[Black "Chiburdanidze, Maia"]
[Result "1/2-1/2"]
[WhiteElo "2390"]
[BlackElo "2510"]

1.d4 Nf6 2.Nf3 g6 3.Bg5 Bg7 4.Nbd2 O-O 5.e3 d6 6.h3 Nbd7 7.Be2 c6 8.O-O Qc7
9.Bh4 Re8 10.a4 a5 11.Nc4 Nb6 12.Qe1 Bf5 13.Qc3 Nbd5 14.Qb3 b5 15.axb5 cxb5
16.Qxb5 Reb8 17.Qa4 Rb4 18.Qa2 Bxc2 19.Nfd2 Qd8 20.Bxf6 Nxf6 21.Rfc1 Ra4
22.Na3 Bf5 23.b3 Rb4 24.Nac4 Rbb8 25.Qa3 Ne4 26.Bf3  1/2-1/2

[Event "Oviedo rapid"]
[Site "Oviedo"]
[Date "1993.??.??"]
[Round "3"]
[White "Chiburdanidze, Maia"]
[Black "Britton, Richard"]
[Result "1-0"]
[WhiteElo "2510"]
[BlackElo "2305"]

1.c4 Nf6 2.g3 g6 3.Bg2 Bg7 4.Nc3 O-O 5.e4 d6 6.Nge2 c5 7.O-O Nc6 8.d3 Rb8
9.f4 Bg4 10.h3 Bxe2 11.Qxe2 a6 12.Be3 Nd7 13.Rac1 Nd4 14.Qd2 b5 15.f5 e6
16.g4 b4 17.Nd1 a5 18.Kh1 Be5 19.Bh6 Qh4 20.Be3 Qg3 21.Bg1 Kg7 22.Ne3 h5
23.gxh5 gxf5 24.exf5 Rh8 25.Ng4 Rxh5 26.Nxe5 Nxe5 27.Bh2 Qh4  1-0

[Event "Oviedo rapid"]
[Site "Oviedo"]
[Date "1993.??.??"]
[Round "4"]
[White "Azmaiparashvili, Zurab"]
[Black "Chiburdanidze, Maia"]
[Result "1/2-1/2"]
[WhiteElo "2630"]
[BlackElo "2510"]

1.d4 Nf6 2.c4 g6 3.Nc3 d5 4.cxd5 Nxd5 5.e4 Nxc3 6.bxc3 Bg7 7.Nf3 c5 8.Rb1 O-O
9.Be2 cxd4 10.cxd4 Qa5+ 11.Qd2 Qxd2+ 12.Bxd2 b6 13.Rc1 Bb7 14.d5 Na6 15.Bg5 f6
16.Be3 f5 17.Ng5 fxe4 18.Bc4 b5 19.Bb3 Nb4 20.Rd1 Kh8 21.O-O a5 22.d6 exd6
23.Rxd6 a4 24.Nf7+ Kg8 25.Nh6+ Kh8 26.Nf7+ Kg8 27.Nh6+ Kh8 28.Be6 Bc8 29.Nf7+ Kg8  1/2-1/2

[Event "Oviedo rapid"]
[Site "Oviedo"]
[Date "1993.??.??"]
[Round "5"]
[White "Chiburdanidze, Maia"]
[Black "Sokolov, Ivan"]
[Result "0-1"]
[WhiteElo "2510"]
[BlackElo "2610"]

1.c4 e5 2.g3 f5 3.Bg2 Nf6 4.Nc3 d6 5.d3 c6 6.e3 Na6 7.Nge2 Nc7 8.O-O Be6
9.b3 d5 10.Bb2 Be7 11.cxd5 cxd5 12.Nb1 Bd6 13.f4 e4 14.Nd4 Qd7 15.Qe2 O-O
16.dxe4 dxe4 17.Rd1 Rad8 18.Na3 Ncd5 19.Nc4 Bc5 20.Rac1 Qe7 21.Bh3 g6 22.a3 a6
23.b4 Ba7 24.Nxe6 Qxe6 25.Bd4 Bxd4 26.Rxd4 Rc8 27.Qd2 b5 28.Ne5 Rxc1+ 29.Qxc1 Rc8
30.Qd2 Nc3 31.a4  0-1

[Event "Oviedo rapid"]
[Site "Oviedo"]
[Date "1993.??.??"]
[Round "6"]
[White "Neto, Horacio"]
[Black "Chiburdanidze, Maia"]
[Result "0-1"]
[WhiteElo "2175"]
[BlackElo "2510"]

1.e4 b6 2.Nc3 Bb7 3.Nf3 e6 4.d3 c5 5.Be2 Be7 6.O-O Nc6 7.Re1 d6 8.d4 cxd4
9.Nxd4 a6 10.Be3 Nf6 11.f4 O-O 12.Bf3 Qc7 13.a4 Na5 14.Bf2 Rac8 15.Qe2 Rfe8
16.Rac1 Bf8 17.e5 dxe5 18.fxe5 Nd7 19.Bxb7 Qxb7 20.Nf3 Nc4 21.Nd1 b5 22.axb5 axb5
23.c3 b4 24.Bd4 Na5 25.Ng5 h6 26.Ne4 Nb3 27.Rc2 Qd5 28.Nd6 Nxd4 29.cxd4 Bxd6
30.Rxc8 Rxc8  0-1

[Event "Oviedo rapid"]
[Site "Oviedo"]
[Date "1993.??.??"]
[Round "7"]
[White "Chiburdanidze, Maia"]
[Black "Corral Blanco, Juan A"]
[Result "1/2-1/2"]
[WhiteElo "2510"]
[BlackElo "2395"]

1.c4 Nf6 2.g3 c6 3.b3 d5 4.Bb2 Bg4 5.Bg2 e6 6.Nf3 Nbd7 7.O-O Be7 8.d3 O-O
9.Qc2 Re8 10.e4 dxe4 11.dxe4 Bxf3 12.Bxf3 e5 13.Bg2 Bc5 14.Nd2 Qe7 15.a3 a5
16.Nf3 b5 17.Bh3 b4 18.axb4 axb4 19.Rfd1 Rxa1 20.Rxa1 Qd6 21.Rd1 Qc7 22.Qd3 Nf8
23.Kg2 Ng6 24.Bf5 Nf8 25.h4 h6 26.Rd2 Qb8 27.Rd1 Qc7 28.Qb1 N8d7 29.Qd3  1/2-1/2